000 00705nab a2200229 a 4500
001 55330
003 126114
005 20201118103111.0
008 ||||||n9999 ||| || ||
041 _aspa
245 0 _aNakuru, animando a las autoridades locales para que asuman los problemas
260 _aEstados Unidos :
_bAgencia de los Estados Unidos para el Desarrollo Internacional-USAID,
_c1998.
300 _app.9,12
562 _e0
650 _aARTICULOS
650 _aDESARROLLO URBANO
650 _aESTRATEGIAS PARA EL DESARROLLO
650 _aKENYA (NIGERIA)
650 _aPROTECCIÓN DEL MEDIO AMBIENTE
773 _054431
_aCiudades Internacionales - Vol.10 No.1
942 _cSART
999 _c55330
_d55330